| 000 | 00669nam a2200241 i 4500 | ||
|---|---|---|---|
| 003 | DO-SdBNP | ||
| 005 | 20250428090440.0 | ||
| 007 | ta | ||
| 008 | 110719s1958 000 spa d | ||
| 040 |
_aDO-SdBNP _bspa _cBNPHU _erda |
||
| 041 | _heng | ||
| 082 |
_axxx _bT448 _222 |
||
| 245 | 0 | _aThis is the Dominican Republic. | |
| 246 | _aVoici la Republique Dominicaine | ||
| 264 |
_aAmsterdam : _bZakenwereid, _c1958. |
||
| 300 |
_a94 páginas : _bilustraciones ; _c36 cm |
||
| 336 |
_ardacontent _btexto _2txt |
||
| 337 |
_ardamedia _bsin mediación _2n |
||
| 338 |
_ardacarrier _bvolumen _2nc |
||
| 590 | _aInventariado,2025/DG | ||
| 910 | _aDG | ||
| 942 |
_2ddc _cLBS1 |
||
| 999 |
_c32086 _d32086 |
||